| 000 | nam a22 7a 4500 | ||
|---|---|---|---|
| 999 |
_c330507 _d330507 |
||
| 003 | ASAB | ||
| 005 | 20170718134004.0 | ||
| 008 | 170718b xxu||||| |||| 00| 0 eng d | ||
| 020 | _a1-84076-018-4 | ||
| 040 | _cASAB | ||
| 082 | _a635.65 | ||
| 245 |
_aPests, diseases and disorders of peas and beans _bA colour handbook _cAnthony J. Biddle, Nigel D. Cattlin. |
||
| 260 |
_aUK. _bManson publishing Ltd. _cc2007. |
||
| 300 | _a128 p. | ||
| 630 |
_aPests _93379 |
||
| 630 |
_aDiseases of peas _93380 |
||
| 630 |
_adiseases of beans _93381 |
||
| 942 |
_2ddc _cBK |
||